000 00798cam a2200277 a 4500
001 57946
003 CO-BoRNBP
005 20250813200329.0
007 ta
008 081101s2000 sp a gr 000 0 spa
020 _a8495123959
040 _aCO-BoBN
_bspa
_cCO-BoBN
041 1 _aspa
_heng
082 0 4 _aEU823.54
_220
100 1 _aLobel, Arnold,
_d1933-
_962116
245 1 0 _aHistorias de ratones /
_cArnold Lobel
250 _a1a. ed.
300 _a61 p. :
_bil. col. ;
_c22 cm
336 _2rdacontent
_atexto
_btxt
337 _2rdamedia
_asin mediación
_bn
338 _2rdacarrier
_avolumen
_bnc
650 1 4 _aCuentos infantiles estadounidenses
_ySiglo XX
_2LEMB
_9816
650 1 4 _aLibros y lectura para niños
_2LEMB
_92366
942 _2ddc
_cBK
999 _c57946
_d57946